[Event "I Torneo Ipercoop Centro Luna A"]
[Site "Sarzana ITA"]
[Date "2011.05.29"]
[Round "4"]
[White "Militello, Michele"]
[Black "Astengo, Marcello"]
[Result "0-1"]
[WhiteElo "1811"]
[BlackElo "2100"]
[PlyCount "136"]
[EventDate "2011.05.27"]

1. d4 d5 2. Nf3 c5 3. e3 Nc6 4. a3 e6 5. c3 Nf6 6. Nbd2 Bd6 7. h3 O-O 8. Bd3
Bd7 9. O-O Qb6 10. Qe2 Rfe8 11. Rd1 Rad8 12. dxc5 Bxc5 13. e4 dxe4 14. Nxe4
Nxe4 15. Bxe4 e5 16. Bg5 f6 17. Bh4 Be6 18. b4 Bf8 19. Qc2 h6 20. Bh7+ Kh8 21.
Bg6 Rxd1+ 22. Rxd1 Rc8 23. Bf5 Ne7 24. Bxe6 Qxe6 25. Qd3 Nf5 26. g4 Nd6 27. Bg3
Qc4 28. Nh4 Qxd3 29. Rxd3 Kh7 30. f3 g6 31. Bf2 b6 32. a4 Kg7 33. Ng2 Kf7 34.
Ne3 Ke6 35. h4 h5 36. Kf1 Be7 37. Ke2 e4 38. fxe4 Nxe4 39. Be1 Bd6 40. Kf3 f5
41. gxh5 gxh5 42. Nd1 Rg8 43. Bf2 Bg3 44. Re3 Bxf2 45. Nxf2 Rg3+ 46. Ke2 Rxe3+
47. Kxe3 Nxc3 48. a5 Nd5+ 49. Kd4 Nxb4 50. axb6 axb6 51. Nh3 Nc6+ 52. Ke3 Ne5
53. Nf4+ Kd6 54. Nxh5 Ng6 55. Ng7 Nxh4 56. Kf4 b5 57. Kg5 b4 58. Kxh4 Ke5 59.
Kg5 b3 60. Nxf5 b2 61. Nh4 b1=Q 62. Ng6+ Ke4 63. Kh6 Qb6 64. Kg7 Qe6 65. Nf8
Qe7+ 66. Kg8 Kf5 67. Nh7 Kg6 68. Nf8+ Kh6 0-1

[Event "I Torneo Ipercoop Centro Luna A"]
[Site "Sarzana ITA"]
[Date "2011.05.29"]
[Round "4"]
[White "Ciccarelli, Marco"]
[Black "Onesti, Luca"]
[Result "0-1"]
[WhiteElo "1893"]
[BlackElo "1954"]
[PlyCount "108"]
[EventDate "2011.05.27"]

1. e4 e5 2. Nf3 Nc6 3. Bb5 a6 4. Ba4 Nf6 5. O-O b5 6. Bb3 Be7 7. Re1 O-O 8. c3
d5 9. exd5 Nxd5 10. Nxe5 Nxe5 11. Rxe5 c6 12. d4 Bd6 13. Re1 Qh4 14. g3 Qh3 15.
Qf3 Bg4 16. Qg2 Qh5 17. Be3 Bf3 18. Qf1 Rfe8 19. Nd2 Bg4 20. Bd1 f5 21. Bxg4
Qxg4 22. Qe2 Qg6 23. Qd3 Qg4 24. Qe2 Qxe2 25. Rxe2 g5 26. Rae1 f4 27. Nf1 fxe3
28. fxe3 Nc7 29. e4 Ne6 30. Ne3 h5 31. Nf5 Bc7 32. Kg2 Ng7 33. Nxg7 Kxg7 34. e5
Re6 35. h3 a5 36. Rd1 Rd8 37. Rde1 c5 38. Re4 cxd4 39. cxd4 Bb6 40. Rd1 Rd5 41.
Kf3 Re8 42. Ke2 Kf7 43. Rf1+ Ke7 44. Rd1 Rc8 45. Rd2 Rc1 46. b3 Rh1 47. h4 Rh2+
48. Kd3 Rxd2+ 49. Kxd2 Rxd4+ 50. Ke3 Rxe4+ 51. Kxe4 gxh4 52. gxh4 Bf2 53. a4
bxa4 54. bxa4 Ke6 0-1

[Event "I Torneo Ipercoop Centro Luna A"]
[Site "Sarzana ITA"]
[Date "2011.05.29"]
[Round "5"]
[White "De Santis, Alessio"]
[Black "Ljubisavljevic, Zivojin Z."]
[Result "1/2-1/2"]
[WhiteElo "2295"]
[BlackElo "2215"]
[PlyCount "101"]
[EventDate "2011.05.27"]

1. b3 e5 2. Bb2 d6 3. e3 f5 4. d4 e4 5. d5 Nf6 6. Nh3 Nbd7 7. Nf4 Ne5 8. Be2
Be7 9. Na3 O-O 10. Nc4 Ng6 11. Nxg6 hxg6 12. Qd2 Nd7 13. O-O-O Bf6 14. Bxf6
Qxf6 15. Qd4 a5 16. a4 b6 17. Qxf6 Nxf6 18. Na3 Bb7 19. c4 Nd7 20. Nb5 Rac8 21.
Na7 Rb8 22. Nb5 Nc5 23. Kc2 Rf7 24. g3 Rbf8 25. h4 Bc8 26. Kc3 Re7 27. Rd2 Kf7
28. Rdd1 Rh8 29. Rdg1 Bd7 30. Nxc7 Bxa4 31. Ne6 Be8 32. Nxc5 bxc5 33. Ra1 Ra7
34. g4 Bd7 35. g5 Ke7 36. h5 gxh5 37. Rxh5 Rxh5 38. Bxh5 Be8 39. Be2 Ra8 40. f4
exf3 41. Bxf3 Bd7 42. Rh1 Rf8 43. Rh4 Kf7 44. Bh5+ Kg8 45. Bg6 Rc8 46. Rf4 Ra8
47. Bxf5 Bxf5 48. Rxf5 Re8 49. Kd3 Rb8 50. Kc3 Re8 51. Kd3 1/2-1/2

[Event "I Torneo Ipercoop Centro Luna A"]
[Site "Sarzana ITA"]
[Date "2011.05.29"]
[Round "5"]
[White "Astengo, Marcello"]
[Black "Lasio, Millo"]
[Result "0-1"]
[WhiteElo "2100"]
[BlackElo "2003"]
[PlyCount "52"]
[EventDate "2011.05.27"]

1. d4 e6 2. c4 d5 3. Nc3 f5 4. Nf3 c6 5. Bf4 Nf6 6. e3 Bd6 7. Ne5 Qe7 8. Bd3
O-O 9. O-O Ne4 10. f3 Nxc3 11. bxc3 Nd7 12. Nxd7 Bxd7 13. Bxd6 Qxd6 14. Qb3
Rab8 15. e4 Qf4 16. cxd5 Qe3+ 17. Kh1 Qxd3 18. dxe6 Be8 19. Rad1 Qa6 20. Rfe1
Kh8 21. d5 cxd5 22. exd5 Ba4 23. Qb4 Bxd1 24. Rxd1 Rfe8 25. c4 Rbd8 26. h3 Rxe6
0-1

[Event "I Torneo Ipercoop Centro Luna A"]
[Site "Sarzana ITA"]
[Date "2011.05.29"]
[Round "5"]
[White "Onesti, Luca"]
[Black "Platino, Maurizio"]
[Result "1/2-1/2"]
[WhiteElo "1954"]
[BlackElo "1909"]
[PlyCount "50"]
[EventDate "2011.05.27"]

1. e4 e6 2. d4 d5 3. Nc3 Nf6 4. e5 Nfd7 5. f4 c5 6. Nf3 Nc6 7. Be3 a6 8. Be2
Be7 9. O-O O-O 10. Kh1 f6 11. Bd3 b5 12. Ng5 fxg5 13. Qh5 Rf5 14. Bxf5 exf5 15.
Nxd5 cxd4 16. Bd2 gxf4 17. Bxf4 Nf8 18. Nxe7+ Qxe7 19. Rae1 Be6 20. Qf3 Rc8 21.
a3 a5 22. h3 Qc5 23. h4 Bd5 24. Qg3 Ne6 25. Bh6 Be4 1/2-1/2

[Event "I Torneo Ipercoop Centro Luna A"]
[Site "Sarzana ITA"]
[Date "2011.05.29"]
[Round "5"]
[White "Tizzoni, Lionello"]
[Black "Guzzetti, Luigi Enrico"]
[Result "0-1"]
[WhiteElo "1955"]
[BlackElo "1909"]
[PlyCount "120"]
[EventDate "2011.05.27"]

1. d4 Nf6 2. Nf3 g6 3. Bf4 Bg7 4. e3 d6 5. c4 c5 6. Nc3 cxd4 7. exd4 O-O 8. Be2
Nbd7 9. O-O b6 10. d5 Nc5 11. Nd4 Bb7 12. Bf3 Rc8 13. Rc1 Na6 14. Ncb5 Ra8 15.
a3 Nc7 16. Nxc7 Qxc7 17. b4 Qd7 18. Re1 Rac8 19. b5 Rfe8 20. Nc6 Bxc6 21. bxc6
Qf5 22. Bg3 g5 23. h3 Rc7 24. c5 bxc5 25. Rxc5 Rb8 26. Ra5 Ne8 27. Be4 Qf6 28.
Qa4 Qc3 29. Re3 Qc1+ 30. Kh2 Qb2 31. Rd3 h5 32. h4 gxh4 33. Bxh4 Be5+ 34. Kh3
Qc1 35. g3 Qf1+ 36. Kh2 Qxf2+ 37. Bg2 Rb2 38. Qe4 Nf6 39. Bxf6 exf6 40. Qf3
Qxf3 41. Rxf3 h4 42. Ra4 hxg3+ 43. Kh3 Kg7 44. Rb4 Rxb4 45. axb4 Kg6 46. Bf1
Rc8 47. Bd3+ Kg7 48. Rxg3+ Bxg3 49. Kxg3 Kf8 50. Bf5 Rc7 51. Kf4 Ke7 52. Ke4
Kd8 53. Kd4 Re7 54. Kc4 Kc7 55. Bh7 Kb6 56. Bf5 Re5 57. Bh7 f5 58. Bg8 f6 59.
Bh7 f4 60. Bd3 f3 0-1

[Event "I Torneo Ipercoop Centro Luna A"]
[Site "Sarzana ITA"]
[Date "2011.05.29"]
[Round "5"]
[White "Militello, Michele"]
[Black "Ciccarelli, Marco"]
[Result "0-1"]
[WhiteElo "1811"]
[BlackElo "1893"]
[PlyCount "62"]
[EventDate "2011.05.27"]

1. d4 e6 2. Nf3 Nf6 3. e3 b6 4. Bd3 Bb7 5. Nbd2 d5 6. Ne5 Be7 7. O-O O-O 8. f4
Nbd7 9. Qf3 c5 10. c3 Rc8 11. Qh3 Ne4 12. Ndf3 f5 13. Bd2 Ndf6 14. Be1 Bc6 15.
Nxc6 Rxc6 16. Ne5 Rc7 17. Bh4 Qe8 18. Bxf6 Rxf6 19. g3 Rh6 20. Qg2 Qh5 21. Be2
Qh3 22. Qxh3 Rxh3 23. Kg2 Rh6 24. g4 fxg4 25. Bxg4 Bd6 26. Rh1 Bxe5 27. fxe5
Rg6 28. Kf3 Nd2+ 29. Ke2 Rxg4 30. Kxd2 Rg2+ 31. Kd3 c4# 0-1